003980000a2200109000450024500490000065000270004965000300007665000240010604100130013010000220014377301230016510aStrategy for measuring lanscape biodiversity14aEcología del paisaje14aIndicadores de diversidad14aRiqueza de especies0 aInglés1 aHalffter, Gonzalo1 tBiology International: the News Magazine of the International Union of Biological Sciences (IUBS)3164h36q3-17d1998